| 000 | 00965nam a2200289 i 4500 | ||
|---|---|---|---|
| 001 | 182217 | ||
| 003 | ES-MaACL | ||
| 005 | 20250720063101.0 | ||
| 008 | 130626s2010 sp a | |||||||| |dspa d | ||
| 020 | _a978-84-8428-553-3 | ||
| 080 | _a929 Maitland, Sara | ||
| 080 | _a130.122 | ||
| 100 | 1 |
_aMaitland, Sara, _d1960- _9153030 |
|
| 245 | 1 | 0 |
_aViaje al silencio / _cSara Maitland ; traducción, Catalina Martínez Muñoz. |
| 250 | _a1ª ed. | ||
| 260 |
_aBarcelona : _bAlba, _c2010. |
||
| 300 |
_a383 p. : _bil. ; _c22 cm. |
||
| 490 | 1 |
_aA trayectos ; _v119 |
|
| 500 | _aÍndices. | ||
| 650 | 4 |
_aSilencio (Filosofía) _9153031 |
|
| 700 | 0 |
_aMartínez Muñoz, Catalina. _978271 |
|
| 830 | 0 |
_aA trayectos _v119 _9189000 |
|
| 852 |
_aES-MaACL _jA-12784 _9189128 _bR.148840 _cDEPO1 _dOlim: N-5784 _xDonación: José Luis Abellán |
||
| 903 |
_aAbellán, José Luis, _d1933-2023 _ednr _q1 _9176509 |
||
| 942 |
_2udc _cMONOGRAFIA |
||
| 999 |
_c182217 _d182217 |
||